000
00198 a2200097 4500
001
1578
100
_a
Gill, E.T
245
_a
Modern welding technique
260
_a
_b
Pitman
_c
090
_c
1117
_d
1117
942
_a
NUST-CAE
_c
M
_c
1303
999
_c
236651
_d
236651